00334nam a2200157Ia 4500008004100000082001000041100001300051245001800064250000600082260001800088300000800106600001300114630001800127700001300145730001800158090123s9999 xx 000 0 und d b27397 aW.TURNER aJULIUS CAESAR a0 bCHAND AND CO. a269 aW.TURNER aJULIUS CAESAR aW.TURNER aJULIUS CAESAR